00853cam a22002651 4500001001300000003000400013005001700017008004100034010001700075035001900092040002500111042001200136050001600148082001400164100002700178245011900205250001400324260004700338300003100385504003300416610003000449651004700479700004400526999001700570sa 67004286 DLC20260227112345.0760331s1967 ii a b 001 0deng  asa 67004286  a(OCoLC)2082547 aDLCcAAPdOCoLCdDLC apremarc00aDS447b.M28 a328.54/091 aMajumdar, Bimanbehari.10aCongress and congressmen in the pre-Gandhian era, 1885-1917c[by] Bimanbehari Majumdar and Bhakat Prasad Mazumdar. a[1st ed.] aCalcutta,bFirma K.L. Mukhopadhyayc[1967] aii, 527 p.billus.c23 cm. aBibliography : p. [519]-522.20aIndian National Congress. 0aIndiaxPolitics and governmenty1765-1947.1 aMazumdar, Bhakat Prasad,ejoint author. c74361d74361